Loading...
| Science - Chemistry | 0 | 4 | 1 | 1 | 35 | 64 | 85.25 | 0 | 0 | 0.00 | 0.00 |
| Religion | 0 | 3 | 0 | 1 | 30 | 101 | 106.67 | 0 | 0 | 0.00 | 0.00 |
| Mythology | 0 | 3 | 1 | 1 | 25 | 87 | 99.33 | 0 | 0 | 0.00 | 0.00 |
| Literature - World | 0 | 2 | 0 | 0 | 20 | 75 | 81.50 | 0 | 0 | 0.00 | 0.00 |
| Science - Physics | 0 | 2 | 0 | 0 | 20 | 88 | 96.00 | 0 | 1 | 0.00 | 0.00 |
| Science - Other | 0 | 2 | 0 | 0 | 20 | 71 | 82.00 | 0 | 0 | 0.00 | 0.00 |
| Philosophy | 0 | 3 | 3 | 0 | 15 | 69 | 87.00 | 0 | 0 | 0.00 | 0.00 |
| Science - Biology | 0 | 2 | 1 | 0 | 15 | 34 | 60.50 | 1 | 1 | 0.00 | 0.00 |
| Literature - American | 0 | 2 | 1 | 0 | 15 | 82 | 84.00 | 0 | 0 | 0.00 | 0.00 |
| Social Science | 0 | 1 | 0 | 0 | 10 | 74 | 74.00 | 0 | 0 | 0.00 | 0.00 |
| History - World | 0 | 1 | 0 | 0 | 10 | 96 | 96.00 | 0 | 0 | 0.00 | 0.00 |
| Literature - British | 0 | 1 | 0 | 0 | 10 | 89 | 89.00 | 0 | 0 | 0.00 | 0.00 |
| Pop Culture | 0 | 1 | 0 | 0 | 10 | 65 | 65.00 | 0 | 0 | 0.00 | 0.00 |
| Geography | 0 | 1 | 1 | 1 | 5 | 117 | 117.00 | 0 | 0 | 0.00 | 0.00 |
| Fine Arts - Other | 0 | 1 | 1 | 0 | 5 | 104 | 104.00 | 0 | 0 | 0.00 | 0.00 |
| History - American | 0 | 0 | 1 | 0 | -5 | 0.00 | 0 | 0 | 0.00 | 0.00 |